000 02681cam a22003617a 4500
001 104995
005 20230410142343.0
008 071127s2007 ie b 000 0 eng d
035 _a15094650
923 _d20071031
_n565086215
_sKennys
925 0 _aacquire
_b2 shelf copies
_xpolicy default
942 _2lcc
_cbk
010 _a2007531338
020 _a9781847300256 (pbk.)
020 _a1847300251 (pbk.)
035 _a(OCoLC)ocm86114285
040 _aQCL
_cQCL
_dBTCTA
_dYDXCP
_dBAKER
_dBWK
_dGUA
_dGHS
_dDLC
042 _alccopycat
050 1 4 _aBX 1751.3
_bE96 2007
245 0 0 _aExploring theology :
_bmaking sense of the Catholic tradition /
_cedited by Anne Hession & Patricia Kieran.
260 _aDublin :
_bVeritas,
_c2007.
300 _a320 p. ;
_c24 cm.
504 _aIncludes bibliographical references.
505 0 0 _tIntroduction to Catholic theology /
_rGerard Mannion --
_tCatholicism and western culture /
_rLawrence S. Cunningham --
_tHebrew Bible /
_rMartin O'Kane --
_tChristian Bible /
_rAnne O'Leary --
_tGod 'embarrassed at the prospect of possession': exploring divine revelation /
_rEamonn Conway --
_tTradition /
_rBrendâan Leahy --
_tJesus, the Christ /
_rFachtna McCarthy --
_tTrinity /
_rCarol Barry --
_tHoly Spirit /
_rPat Mullins --
_tChurch, a community of disciples /
_rDavid McLoughlin --
_tMary of Nazareth /
_rCaroline Renehan --
_tEschatology: hope seeking understanding /
_rDermot A. Lane --
_tCatholic anthropology /
_rEthna Regan --
_tIntroduction to Catholic moral theology: the Christian contribution to morality /
_rNiamh Middleton --
_tMoral decision making, conscience and church authority /
_rPatrick Connolly --
_tIntroduction to Catholic social teaching /
_rDonal Dorr --
_tCatholic theology of creation /
_rSean McDonagh --
_tMaking saints through the liturgical year /
_rRaymond Topley --
_tSacraments: key symbols for the Christian way of life /
_rBruce T. Morrill --
_tSacraments of initiation and reconciliation /
_rOwen F. Cummings --
_tChristian spirituality /
_rUna Agnew --
_tCatholic identity: 'love that powerful leaves its own mark' /
_rAnne Hession --
_tCatholic feminist theology /
_rMary Grey --
_tFaith, dialogue and the 'Catholic instinct': discerning the significance of other faiths /
_rMichael Barnes --
_tCatholicism and ecumenism /
_rPaul D. Murray --
_tHow 'catholic' is Catholic theology? /
_rPatricia Kieran.
610 2 0 _aCatholic Church
_xDoctrines.
650 0 _aTheology, Doctrinal.
650 4 _aTeología
_xDoctrinas.
650 4 _aPrimera Jornada de Catalogación.
700 1 _aHession, Anne.
700 1 _aKieran, Patricia.
856 4 1 _3Table of contents only
_uhttp://www.loc.gov/catdir/toc/fy1002/2007531338.html
946 _aJPR
999 _c94139
_d94139